000 00660nam a2200277Ia 4500
005 20260324123742.0
008 008 260324s9999 xx 000 0 eng d
020 _a9780429094552
037 _aEBOOK
040 _aCRL
040 _beng
040 _cCRL
041 _2eng
041 _aeng
084 _qCRL
100 _aAlasdair McAndrew
_91157626
245 0 _aIntroduction to Cryptography with Open-Source Software
260 _bTaylor and Francis
260 _c2011
365 _a
365 _b195
856 _uhttp://www.taylorfrancis.com/books/9780429094552
942 _cEBOOK
999 _c1765303
_d1765303